000 00407nam a22001577a 4500
003 SGT
020 _a978-0323554848
082 _a617.601
_bB21M
100 _aAna Karina Mascarenhas
245 _aBurt and Eklund’s Dentistry, Dental Practice, and the Community
250 _a7TH
260 _aNEW DELHI
_bSaunders ELSEVIER
_c2021
300 _a1-334
650 _aGeneral Dentistry
942 _2ddc
_cBK
999 _c20847
_d20847